Top 120 Greatest Athletes of All Time (4 North American Leagues) - Statistics

General Stats
  • This quiz has been taken 251 times
  • The average score is 54 of 120
Answer Stats
Rank Sport Position Primary Team Decades Played Answer % Correct
1 NBA SG CHI Bulls 1980s-2000s Michael Jordan
99%
2 NBA SF CLE Cavaliers 2000s-present LeBron James
98%
4 NFL QB NE Patriots 2000s-present Tom Brady
96%
5 MLB RF NY Yankees 1910s-1930s Babe Ruth
90%
3 NHL C EDM Oilers 1980s-1990s Wayne Gretzky
88%
19 NBA SG LA Lakers 1990s-2010s Kobe Bryant
85%
17 NBA PG LA Lakers 1980s-1990s Magic Johnson
85%
49 NBA PG GS Warriors 2010s-present Stephen Curry
82%
10 NBA C LA Lakers 1970s-1980s Kareem Abdul-Jabbar
79%
40 NBA C LA Lakers 1990s-2000s Shaquille O'Neal
79%
51 NFL WR DET Lions 2000s-2010s Calvin Johnson
76%
14 NFL QB SF 49ers 1980s-1990s Joe Montana
76%
26 NBA SF BOS Celtics 1980s-1990s Larry Bird
76%
9 NBA C PHI Warriors 1950s-1970s Wilt Chamberlain
76%
111 MLB SP ARI DiamondbacksSEA Mariners 1980s-2000s Randy Johnson
75%
29 MLB SP WAS Senators 1900s-1920s Walter Johnson
75%
22 NFL QB IND Colts 1990s-2010s Peyton Manning
73%
11 NFL WR SF 49ers 1980s-2000s Jerry Rice
72%
59 NBA C SAS Spurs 1990s-2000s David Robinson
71%
54 MLB 2B BRK Dodgers 1940s-1950s Jackie Robinson
71%
88 NHL D MTL Canadiens 1970s-1990s Larry Robinson
70%
39 NFL QB GB Packers 2000s-present Aaron Rodgers
69%
31 NBA PF SAS Spurs 1990s-2010s Tim Duncan
69%
95 NBA PG SEA Supersonics 1990s-2000s Gary Payton
66%
75 NBA SF GS WarriorsOKC Thunder 2000s-present Kevin Durant
66%
16 NFL RB CHI Bears 1970s-1980s Walter Payton
66%
80 NBA SG MIA Heat 2000s-2010s Dwyane Wade
62%
34 MLB LF SF Giants 1980s-2000s Barry Bonds
61%
87 MLB SS NY Yankees 1990s-2010s Derek Jeter
60%
35 NBA C HOU Rockets 1980s-2000s Hakeem Olajuwon
60%
120 NHL C PIT Penguins 2000s-present Sidney Crosby
60%
41 NBA C BOS Celtics 1950s-1960s Bill Russell
59%
83 NBA PF UTA Jazz 1980s-2000s Karl Malone
59%
23 NFL RB DET Lions 1990s Barry Sanders
58%
67 NFL CB ATL Falcons 1990s-2000s Deion Sanders
58%
53 NBA PF DAL Mavericks 1990s-2010s Dirk Nowitzki
58%
102 NBA C HOU Rockets PHI 76ers 1970s-1990s Moses Malone
58%
62 NBA PF MIN Timberwolves 1990s-2010s Kevin Garnett
57%
65 NBA SG PHI 76ers 1990s-2010s Allen Iverson
56%
32 NFL RB CLE Browns 1950s-1960s Jim Brown
56%
36 NFL WR MIN Vikings 1990s-2010s Randy Moss
56%
63 NFL ILB BAL Ravens 1990s-2010s Ray Lewis
56%
78 NFL QB MIA Dolphins 1980s-1990s Dan Marino
55%
93 NFL RB DAL Cowboys 1990s-2000s Emmitt Smith
55%
96 MLB SS/3B NY Yankees 1990s-2010s Alex Rodriguez
54%
85 NBA PG DET Pistons 1980s-1990s Isiah Thomas
54%
90 NBA SG LA Lakers 1960s-1970s Jerry West
54%
68 NBA PF PHI 76ers 1970s-1980s Julius Erving
54%
7 NFL OLB NY Giants 1980s-1990s Lawrence Taylor
53%
58 MLB CF LA Angels 2010s-present Mike Trout
52%
6 MLB CF NY Giants 1950s-1970s Willie Mays
52%
15 MLB 1B NY Yankees 1920s-1930s Lou Gehrig
50%
116 NBA PG UTA Jazz 1980s-2000s John Stockton
48%
107 NBA PG PHX Suns 1990s-2010s Steve Nash
48%
115 NFL QB SF 49ers 1980s-1990s Steve Young
48%
12 MLB LF BOS Red Sox 1940s-1960s Ted Williams
48%
37 MLB RF MIL Braves 1950s-1970s Hank Aaron
47%
50 MLB CF NY Yankees 1950s-1960s Mickey Mantle
47%
45 NHL LW WAS Capitals 2000s-present Alex Ovechkin
46%
77 MLB CF SEA Mariners 1990s-2000s Ken Griffey Jr
46%
8 NHL C PIT Penguins 1980s-2000s Mario Lemieux
45%
101 NBA PG LA ClippersNOL Hornets 2000s-present Chris Paul
44%
21 MLB CF DET Tigers 1900s-1920s Ty Cobb
44%
99 NFL DT LA Rams 2010s-present Aaron Donald
43%
25 MLB SP BOS Red Sox 1990s-2000s Pedro Martinez
43%
13 NHL D BOS Bruins 1960s-1970s Bobby Orr
41%
44 MLB SP HOU Astros 1960s-1990s Nolan Ryan
41%
28 NFL DE PHI EaglesGB Packers 1980s-1990s Reggie White
41%
20 NHL RW DET Red Wings 1940s-1980s Gordie Howe
39%
70 MLB RF PIT Pirates 1950s-1970s Roberto Clemente
39%
97 NFL TE KC Chiefs 1990s-2010s Tony Gonzalez
39%
86 NFL S BAL Ravens 2000s-2010s Ed Reed
38%
46 NBA PG CIN Royals 1960s-1970s Oscar Robertson
37%
56 NFL DE LA Rams 1960s-1970s Deacon Jones
36%
48 NFL QB BAL Colts 1950s-1970s Johnny Unitas
36%
73 MLB RP/CL NY Yankees 1990s-2010s Mariano Rivera
35%
100 MLB RF SEA Mariners 1990s-2010s Ichiro Suzuki
33%
84 MLB C CIN Reds 1960s-1980s Johnny Bench
32%
71 NFL WR SF 49ers 1990s-2010s Terrell Owens
32%
47 MLB 3B PHI Phillies 1970s-1980s Mike Schmidt
31%
30 MLB RF STL Cardinals 1940s-1960s Stan Musial
31%
74 NHL C EDM Oilers 2010s-present Connor McDavid
30%
112 NFL RB LA Rams 1980s-1990s Eric Dickerson
30%
64 MLB SS PIT Pirates 1890s-1910s Honus Wagner
30%
24 NHL RW PIT Penguins 1980s-present Jaromir Jagr
30%
92 MLB LF OAK Athletics 1980s-2000s Rickey Henderson
30%
43 NFL S SF 49ers 1980s-1990s Ronnie Lott
29%
106 MLB SP ATL Braves 1980s-2000s Greg Maddux
28%
27 NHL C EDM Oilers 1970s-2000s Mark Messier
27%
33 NHL G MTL CanadiensCOL Avalanche 1980s-2000s Patrick Roy
27%
60 NFL OT CIN Bengals 1980s-1990s Anthony Munoz
26%
82 NHL LW CHI Blackhawks 1950s-1970s Bobby Hull
26%
105 NFL OG DAL Cowboys 1990s-2000s Larry Allen
26%
104 NHL RW STL Blues 1980s-2000s Brett Hull
25%
76 NFL ILB CHI Bears 1960s-1970s Dick Butkus
24%
61 NHL C DET Red Wings 1980s-2000s Steve Yzerman
24%
42 NHL G NJ Devils 1990s-2010s Martin Brodeur
23%
89 MLB C HSD Grays(Negro Leagues) 1930s-1940s Josh Gibson
20%
72 NHL RW MTL Canadiens 1940s-1950s Maurice Richard
20%
117 MLB SP BRK Dodgers 1950s-1960s Sandy Koufax
20%
55 NHL G BUF Sabres 1990s-2000s Dominik Hasek
18%
38 NHL D DET Red Wings 1980s-2010s Nicklas Lidstrom
18%
18 NHL D BOS Bruins 1980s-2000s Ray Bourque
18%
81 NFL CB PIT Steelers 1980s-2000s Rod Woodson
18%
119 NBA PF WAS Bullets 1960s-1980s Elvin Hayes
17%
114 NHL RW MTL Canadiens 1970s-1980s Guy Lafleur
16%
69 MLB 2B STL Cardinals 1910s-1930s Rogers Hornsby
15%
110 NBA C CHI Bulls 1970s-1980s Artis Gilmore
14%
57 NHL RW NY Islanders 1970s-1980s Mike Bossy
13%
113 NFL CB CHI Cardinals 1950s-1960s Night Train Lane
11%
94 NHL C CHI Blackhawks 1950s-1970s Stan Mikita
11%
108 MLB RF NY Giants 1920s-1940s Mel Ott
10%
79 NHL G BOS Bruins 1960s-1970s Phil Esposito
10%
52 NHL C MTL Canadiens 1950s-1970s Jean Beliveau
9%
109 NHL C LA Kings 1970s-1980s Marcel Dionne
9%
98 NHL D NY Islanders 1970s-1980s Denis Potvin
8%
91 NHL G MTL Canadiens 1950s-1970s Jacques Plante
8%
118 NHL D DET Red Wings 1980s-2000s Chris Chelios
7%
66 NHL G MTL Canadiens 1970s Ken Dryden
7%
103 NHL C MTL Canadiens 1920s-1930s Howie Morenz
4%
No matching quizzes found
Score Distribution
Percent of People with Each Score
Percentile by Number Answered
Your Score History
You have not taken this quiz